000 00801nam a2200193 i 4500
001 184594
003 ES-MaACL
005 20230906222232.0
008 151026m18771882mx |||| | spa d
245 0 0 _aColección de documentos para la historia de la Guerra de la Independencia de México, de 1808 a 1821 /
_ccoleccionados por J.E. Hernández y Dávalos.
260 _aMéxico :
_bJosé María Sandoval,
_c1877-1882.
300 _a6 v. ;
_c30 cm.
490 1 _aBiblioteca de El Sistema Postal de la República Mexicana
651 4 _aMéxico-
_xHistoria-
_y1810-1821, Guerra de la Independencia.
_9168986
700 1 _aHernández y Dávalos, J. E.
_9158020
830 0 _aBiblioteca de El Sistema Postal de la República Mexicana
_9225103
852 _aES-MaACL
_jA-4271-76
999 _c184594
_d184594